000
00356nam a2200133Ia 4500
008
151001s9999||||xx |||||||||||||| ||und||
100
_a
तुळजापुरकर वैनतेय
245
_a
अठराव वरीस(च) लग्नाच
250
_a
1
260
_b
प्रणव
260
_c
1980
300
_a
224
365
_b
22
999
_c
960766
_d
960763